| 000 | 00573nam a2200181 i 4500 | ||
|---|---|---|---|
| 001 | 59017 | ||
| 003 | ES-MaACL | ||
| 005 | 20230906163937.0 | ||
| 007 | t| | ||
| 008 | 031027m19601962sp ||||1| spa d | ||
| 100 | 1 |
_aEden, Anthony. _946628 |
|
| 245 | 1 | 0 |
_aMemorias _b: 1923-1938 / _cAnthony Eden ; traducción de Editorial Noguer y Rafael Cremades Cepa. |
| 260 |
_aBarcelona, etc. : _bNoguer, _c[1960-1962] |
||
| 300 |
_a2 v. : _bil. ; _c22 cm. |
||
| 700 | 1 |
_aCremades Cepa, Rafael. _941484 |
|
| 710 | 2 |
_aEditorial Noguer. _93446 |
|
| 852 |
_aES-MaACL _jC-26403-4 _bR.51345 |
||
| 999 |
_c59017 _d59017 |
||